000
00299nam a22001217a 4500
020
_a
0072253703
082
_2
22
_a
005.133
100
_a
Kent, Jeff,
245
_a
C++ demystified /
260
_a
New York,
_b
McGraw Hill / Osbore,
_c
c2004.
300
_a
xviii, 348p. ;
_b
ill. ;
_c
23 cm.
942
_2
ddc
_c
IT
999
_c
2096
_d
2096